Al-Manāẓir al-muṣawwarah ʻalá tamāthīl al-afrād ḥattá nihāyat al-Usrah al-Khāmisah wa-al-ʻIshrūn /

محفوظ في:

المؤلف الرئيسي: Zahrī, Nashʼat Ḥasan (مؤلف)

مؤلف مشترك: Majlis al-Aʿlá lil-Āthār Egypt.

مؤلفون آخرون: Ḥawwās, Zāhī A.

التنسيق: كتاب

اللغة: Arabic

منشور في: [Cairo] : Wazārat al-Thaqāfah, al-Majlis al-Aʻlá lil-Āthār, [2009].

سلاسل: Silsilat al-thaqafah al-athariyah wa-al-tarikhiyah. Mashru al-mi'at kitab ; 58.

الموضوعات:

الوسوم: إضافة وسم

لا توجد وسوم, كن أول من يضع وسما على هذه التسجيلة!

رقم الطلب: NB75 .Z32 2009

LEADER 01742namaa2200325 4500
001 19895
003 OSt
005 20230817061847.0
008 130303s2009 ua a 000 0 ara d
952 |0 0  |1 0  |2 lcc  |4 0  |6 NB0075 Z32 02009  |7 1  |9 49603  |a ARCE  |b ARCE  |d 2023-08-17  |l 0  |o NB75 .Z32 2009  |p 1005807  |r 2023-08-17 00:00:00  |w 2023-08-17  |y BK 
999 |c 16703  |d 16703 
020 |a 9789774796300 
040 |c ARCE Library 
043 |a f-ua--- 
050 4 |a NB75 .Z32 2009 
100 1 |6 880-01  |a Zahrī, Nashʼat Ḥasan  |e author  |9 42737 
245 1 3 |6 880-02  |a Al-Manāẓir al-muṣawwarah ʻalá tamāthīl al-afrād ḥattá nihāyat al-Usrah al-Khāmisah wa-al-ʻIshrūn /   |c taʼlīf Nashʼat Ḥasan al-Zahrī ; taqdīm Zāhī Ḥawwās. 
264 1 |a [Cairo] :   |b Wazārat al-Thaqāfah, al-Majlis al-Aʻlá lil-Āthār,   |c [2009]. 
300 |a 656 pages :   |b illustrations ;   |c 23 cm. 
490 1 |a Silsilat al-thaqafah al-athariyah wa-al-tarikhiyah. Mashru al-mi'at kitab ;   |v 58. 
504 |a Includes bibliographical references. 
650 0 |a Statues  |z Egypt. 
650 0 |a Sculpture, Ancient  |z Egypt. 
700 1 |a Ḥawwās, Zāhī A. 
710 2 |a Majlis al-Aʿlá lil-Āthār Egypt. 
830 0 |a Silsilat al-thaqafah al-athariyah wa-al-tarikhiyah. Mashru al-mi'at kitab ;   |v 58. 
880 1 |6 100-01/(3/r  |a زهري، نشأت حسن 
880 1 2 |6 245-02/(3/r  |a المناظر المصورة علي تماثيل الأفراد حتي نهاية الأسرة الخامسة و العشرين   |c تأليف نشأت حسن الزهري ؛ تقديم زاهي حواس‪‪‪‪‪‪‪‪‪‪‪‪‪‪‪‪‪‪‪‪‪‪‪‪‪‪‪‪‪‪‪‪‪‪‪‪‪‪‪‪‪‪‪‪‪‪‪ 
901 |a reviewed 
942 |c BK  |2 lcc